| 000 | 00411pab a2200145 454500 | ||
|---|---|---|---|
| 008 | 180718b1999 xxu||||| |||| 00| 0 eng d | ||
| 100 | _aHoffman, Andrew J. et al. | ||
| 245 | _aA mixed-motive perspective on the economics versus environment debate | ||
| 260 | _c1999 | ||
| 300 | _ap.1254-276 | ||
| 362 | _aMay | ||
| 650 | _aEnvironmental economics | ||
| 773 | _aAmerican Behavioral Scientist | ||
| 909 | _a41582 | ||
| 999 |
_c41582 _d41582 |
||